Statistiques concernant Les10 meilleurs pays pour surfer

Cliquez ici pour prendre le quiz!

Statistiques générales

  • Ce quiz a été pris 110 fois
  • Le résultat moyen est 6 sur 10

Statistiques - réponses

Réponse% Correct
France
98%
Australie
92%
Portugal
86%
Espagne
84%
Brésil
80%
Maroc
58%
Afrique du sud
51%
Indonésie
48%
Costa Rica
25%
Nicaragua
12%

Distribution des résultats

Percentile par nombre de réponses

% des personnes avec chaque résultat

Votre développement - résultats

Vous n’avez pas pris ce quiz